U.S. States with More Vowels than Consonants - Statistics

General Stats
  • This quiz has been taken 35 times
  • The average score is 8 of 10
Answer Stats
Ratio State % Correct
3:1 Ohio
97%
4:3 Alabama
88%
3:2 Idaho
85%
3:1 Iowa
85%
4:2 Hawaii
82%
6:3 Louisiana
76%
4:3 Arizona
73%
3:2 Maine
73%
4:3 Georgia
70%
4:3 Indiana
70%
No matching quizzes found
Score Distribution
Percent of People with Each Score
Percentile by Number Answered
Your Score History
You have not taken this quiz